La familia foral y la familia castellana (Record no. 160219)
[ view plain ]
| 000 -LEADER | |
|---|---|
| campo de control de longitud fija | 00843nam a2200193 4500 |
| 001 - NÚMERO DE CONTROL | |
| campo de control | 160219 |
| 003 - IDENTIFICADOR DE NÚMERO DE CONTROL | |
| campo de control | ES-MaACL |
| 005 - FECHA Y HORA DE LA ÚLTIMA TRANSACCIÓN | |
| campo de control | 20250808091330.0 |
| 008 - DATOS DE LONGITUD FIJA--INFORMACIÓN GENERAL | |
| campo de control de longitud fija | 950308s1863 sp |||| | spa d |
| 040 ## - FUENTE DE CATALOGACIÓN | |
| Centro catalogador/agencia de origen | EUS |
| Lengua de catalogación | spa |
| Centro/agencia transcriptor | EUS |
| 100 1# - ENTRADA PRINCIPAL--NOMBRE DE PERSONA | |
| Nombre de persona | Moret, Segismundo, |
| Fechas asociadas al nombre | 1833-1913 |
| 9 (RLIN) | 162747 |
| 245 13 - MENCIÓN DEL TÍTULO | |
| Título | La familia foral y la familia castellana |
| Resto del título | : memoria premiada por la Academia Matritense de Jurisprudencia y Legislación, en el concurso abierto en 20 de junio de 1862 / |
| Mención de responsabilidad, etc. | escrita por Segismundo Moret y Prendesgast y Luis Silvela. |
| 260 ## - PUBLICACIÓN, DISTRIBUCIÓN, ETC. | |
| Lugar de publicación, distribución, etc. | Madrid : |
| Nombre del editor, distribuidor, etc. | Imprenta y Librería de la Señora Viuda e Hijos de José Cuesta, |
| Fecha de publicación, distribución, etc. | 1863. |
| 300 ## - DESCRIPCIÓN FÍSICA | |
| Extensión | 215 p., [1] h. ; |
| Dimensiones | 25 cm. |
| 650 #7 - PUNTO DE ACCESO ADICIONAL DE MATERIA--TÉRMINO DE MATERIA | |
| Término de materia o nombre geográfico como elemento de entrada | Derecho de familia |
| Fuente del encabezamiento o término | embne |
| 9 (RLIN) | 138849 |
| 700 1# - ENTRADA AGREGADA--NOMBRE PERSONAL | |
| Nombre de persona | Silvela, Luis, |
| Fechas asociadas al nombre | 1841-1903 |
| 9 (RLIN) | 176140 |
| 852 ## - LOCALIZACIÓN | |
| Ubicación | ES-MaACL |
| Número de control de estantería | C-3166 |
| Nota libre | -- Enc. hol. |
| Estatus retirado | Estado de pérdida | Estado de daño | No para préstamo | Colección | Biblioteca de origen | Biblioteca actual | Ubicación en estantería | Fecha de adquisición | Fuente de adquisición | Total de préstamos | Signatura topográfica completa | Código de barras | Visto por última vez | Precio de reemplazo | Tipo de ítem Koha |
|---|---|---|---|---|---|---|---|---|---|---|---|---|---|---|---|
| Libros del s. XIX | Biblioteca del Ateneo de Madrid | Biblioteca del Ateneo de Madrid | Depósito 2 | 17/01/2008 | C-3166 | 1167761 | 23/02/2023 | 23/02/2023 | Libro impreso antiguo |
